000 01222cmm a2200325 a 4500
001 4999377
003 NUST - PNEC
005 20170116181024.0
008 920818s1992 mau f b
010 _a 92032857
020 _a0890066736
040 _aDLC
_cLIBRARY
_dDLC
041 0 _geng
050 0 0 _aTK6575
082 0 0 _a621.3848 BAR
100 1 _aBarton, David Knox,
_d1927-
245 1 0 _aModern radar system analysis software & uers manual version 2.0
_cD.K. Barton
256 _aComputer program.
260 _cc.1993
500 _aTitle from disk label.
520 _aProvides accurate calculations of the maximum detection range of a pulsed radar under a variety of environmental conditions involving thermal noise, jamming, and all types of clutter.
538 _aSystem requirements: IBM PC or compatible; at least 512K; DOS 3.0 or higher; hard disk; monochrome or color monitor; adapter card (EGA, VGA, Hercules) and printer (optional).
590 _aLC has 2 copies.
650 0 _aRadar
_xSoftware.
_xEL, MS COMM
700 1 _aBarton, William F.
753 _aIBM PC
_cDOS 3.0
906 _a7
_bcbc
_corignew
_d1
_eocip
_f19
_gy-gencompf
942 _2ddc
_cBK
999 _c67495
_d67495